[Event "EU-ch U10 Girls 25th"]
[Site "Porec"]
[Date "2015.09.22"]
[Round "2"]
[White "Trifoi, Mihaela Ioana"]
[Black "Lukianchenko, Alisa"]
[Result "1-0"]
[WhiteElo "1547"]
[BlackElo "1376"]
[PlyCount "83"]
[EventDate "2015.09.21"]
[EventType "swiss"]
[EventRounds "9"]
[EventCountry "CRO"]
[SourceTitle "EXT 2016"]
[Source "ChessBase"]
[SourceDate "2015.10.08"]
[SourceVersion "1"]
[SourceVersionDate "2015.10.08"]
[SourceQuality "1"]

1. e4 e5 2. Nf3 Nc6 3. Bc4 Bc5 4. 0-0 Nf6 5. d3 d6 6. h3 h6 7. Nc3 0-0 8. a3 a6 9. Qe1 Nd4 10. Nxd4 Bxd4 11. Ne2 Ba7 12. Ng3 Bd7 13. Be3 Qb8 14. Bxa7 Qxa7 15. Qd2 Nh7 16. Kh1 Ng5 17. f4 Ne6 18. Bxe6 Bxe6 19. f5 Bd7 20. f6 g5 21. h4 Kh7 22. hxg5 Rg8 23. Qe2 Rxg5 24. Nf5 Bxf5 25. Rxf5 Rxf5 26. exf5 Qd4 27. Qh5 Rf8 28. Rf1 Qxb2 29. g4 Rg8 30. Qxf7+ Kh8 31. Qh5 Kh7 32. f7 Qa2 33. fxg8Q+ Qxg8 34. f6 Qf8 35. g5 c5 36. g6+ Kg8 37. g7 Qf7 38. Qxf7+ Kxf7 39. Rg1 Kxf6 40. g8Q d5 41. Rg6+ Kf5 42. Qf7# 1-0